[Event "Cannes op"]
[Site "Cannes"]
[Date "1998.??.??"]
[Round "9"]
[White "Huss, Andreas"]
[Black "Mednis, Edmar John"]
[Result "1/2-1/2"]
[WhiteElo "2330"]
[BlackElo "2400"]
[PlyCount "22"]
[EventDate "1998.02.21"]
[EventType "swiss"]
[EventRounds "9"]
[EventCountry "FRA"]
[SourceTitle "CBM 063 Extra"]
[Source "ChessBase"]
[SourceDate "1998.04.29"]
[SourceVersion "1"]
[SourceVersionDate "1998.04.29"]
[SourceQuality "1"]

1. d4 Nf6 2. Nf3 e6 3. c4 Bb4+ 4. Nbd2 b6 5. a3 Bxd2+ 6. Qxd2 Bb7 7. e3 d6 8. b4 a5 9. Bb2 axb4 10. axb4 Rxa1+ 11. Bxa1 Nbd7 1/2-1/2

[Event "Cannes op"]
[Site "Cannes"]
[Date "1998.??.??"]
[Round "8"]
[White "Mednis, Edmar John"]
[Black "Bernard, Christophe"]
[Result "1/2-1/2"]
[WhiteElo "2400"]
[BlackElo "2355"]
[PlyCount "122"]
[EventDate "1998.02.21"]
[EventType "swiss"]
[EventRounds "9"]
[EventCountry "FRA"]
[SourceTitle "CBM 063 Extra"]
[Source "ChessBase"]
[SourceDate "1998.04.29"]
[SourceVersion "1"]
[SourceVersionDate "1998.04.29"]
[SourceQuality "1"]

1. c4 Nf6 2. g3 g6 3. Bg2 Bg7 4. Nf3 0-0 5. 0-0 d6 6. d4 c6 7. Nc3 Nbd7 8. e4 e5 9. h3 Re8 10. Re1 exd4 11. Nxd4 Nc5 12. Bf4 Nh5 13. Be3 Nf6 14. Qc2 a5 15. Rad1 Qe7 16. Bf4 Nfd7 17. Nb3 Ne5 18. Nxc5 dxc5 19. b3 g5 20. Bxe5 Bxe5 21. Na4 Be6 22. Nb2 Kh8 23. Nd3 Bd4 24. Kh2 Rg8 25. Qe2 Rg6 26. Bf3 a4 27. Bg4 axb3 28. axb3 Ra3 29. Rb1 Rg8 30. Kg2 b5 31. Rec1 b4 32. Rd1 Rd8 33. e5 Ra7 34. Qe4 Rad7 35. Re1 Bc3 36. Re3 Rd4 37. Qf3 Bd2 38. Bxe6 fxe6 39. Ne1 Rf8 40. Qe2 Bxe3 41. Qxe3 Qd8 42. Rb2 Rf5 43. Qe2 Rd1 44. Ra2 Qd4 45. Qh5 Rf8 46. Qh6 Qe4+ 47. Kh2 Rdd8 48. Ng2 Qg6 49. Qxg6 hxg6 50. Ne3 Ra8 51. Rb2 Rfd8 52. Nf1 Rd4 53. Nd2 Ra3 54. Nf3 Rxc4 55. Nxg5 Rc3 56. Rd2 Raxb3 57. Rd8+ Kg7 58. Rd7+ Kf8 59. Nh7+ Ke8 60. Nf6+ Kf8 61. Nh7+ Ke8 1/2-1/2

[Event "Cannes op"]
[Site "Cannes"]
[Date "1998.??.??"]
[Round "5"]
[White "Mednis, Edmar John"]
[Black "Fontaine, Robert"]
[Result "0-1"]
[WhiteElo "2400"]
[BlackElo "2365"]
[PlyCount "90"]
[EventDate "1998.02.21"]
[EventType "swiss"]
[EventRounds "9"]
[EventCountry "FRA"]
[SourceTitle "CBM 063 Extra"]
[Source "ChessBase"]
[SourceDate "1998.04.29"]
[SourceVersion "1"]
[SourceVersionDate "1998.04.29"]
[SourceQuality "1"]

1. c4 e5 2. g3 c6 3. d4 Bb4+ 4. Bd2 Bxd2+ 5. Qxd2 d6 6. Nc3 Nf6 7. Bg2 0-0 8. e3 Be6 9. d5 cxd5 10. cxd5 Bd7 11. Nge2 b5 12. 0-0 b4 13. Nd1 a5 14. e4 Na6 15. f3 Qb6+ 16. Qe3 Nc5 17. Nf2 Bb5 18. Rfd1 Nfd7 19. Nc1 Rfc8 20. Bf1 Bxf1 21. Rxf1 Na4 22. Qxb6 Ndxb6 23. b3 Nc3 24. Nfd3 Nb5 25. Rd1 Nd4 26. Ne1 Rc3 27. Ncd3 f5 28. Kg2 Nd7 29. Rd2 fxe4 30. fxe4 Nf6 31. Nf2 Re3 32. Nc2 Re2 33. Rxe2 Nxe2 34. a3 Rc8 35. Ne3 Rc1 36. Rxc1 Nxc1 37. axb4 axb4 38. Nc4 Nxb3 39. Nxd6 Nd2 40. Nd3 b3 41. Nb5 Ndxe4 42. d6 Kf7 43. Nxe5+ Ke6 44. Nc4 Kd5 45. Nb2 Kc5 0-1

[Event "Cannes op 18th"]
[Site "Cannes"]
[Date "1997.??.??"]
[Round "2"]
[White "Markowski, Tomasz"]
[Black "Mednis, Edmar John"]
[Result "1/2-1/2"]
[WhiteElo "2510"]
[BlackElo "2400"]
[PlyCount "77"]
[EventDate "1997.02.22"]
[EventType "swiss"]
[EventRounds "9"]
[EventCountry "FRA"]
[SourceTitle "CBM 057 Extra"]
[Source "ChessBase"]
[SourceDate "1997.05.01"]
[SourceVersion "1"]
[SourceVersionDate "1997.05.01"]
[SourceQuality "1"]

1. g3 d5 2. Nf3 c6 3. Bg2 Nf6 4. 0-0 Bg4 5. d3 Nbd7 6. c4 e6 7. cxd5 cxd5 8. Nc3 Be7 9. h3 Bxf3 10. Bxf3 Ne5 11. Bg2 0-0 12. f4 Nc6 13. e4 d4 14. Ne2 e5 15. Kh1 Nd7 16. Ng1 Rc8 17. Nf3 Qb6 18. Rf2 Qb5 19. f5 Rc7 20. Bf1 Rfc8 21. Ne1 Nb4 22. b3 Qa6 23. a3 Nc6 24. Bd2 b5 25. h4 b4 26. a4 Na5 27. Rb1 Nb7 28. Rh2 Rc3 29. g4 Qc6 30. g5 a5 31. Qg4 Nbc5 32. f6 Bf8 33. fxg7 Bxg7 34. Bh3 Rd8 35. Bxc3 bxc3 36. Qf3 Nf8 37. Rf2 Qc7 38. Nc2 Ng6 39. Qg3 1/2-1/2

[Event "Wichern op 4th"]
[Site "Hamburg"]
[Date "1997.??.??"]
[Round "1"]
[White "Mednis, Edmar John"]
[Black "Bohnstorff, Michael"]
[Result "1/2-1/2"]
[WhiteElo "2405"]
[BlackElo "2165"]
[PlyCount "91"]
[EventDate "1997.10.??"]
[EventType "swiss"]
[EventRounds "9"]
[EventCountry "GER"]
[SourceTitle "EXT 1998"]
[Source "ChessBase"]
[SourceDate "1997.11.17"]
[SourceVersion "1"]
[SourceVersionDate "1997.11.17"]
[SourceQuality "1"]

1. c4 c6 2. Nf3 d5 3. d4 Nf6 4. Qb3 Qb6 5. Nc3 Bf5 6. Qxb6 axb6 7. cxd5 Nxd5 8. Nxd5 cxd5 9. Bd2 Nc6 10. e3 f6 11. Bb5 Bd7 12. 0-0 e6 13. Rfc1 Bd6 14. Bd3 f5 15. Bc3 Na7 16. Ne5 Bb5 17. Bc2 Ke7 18. a4 Bd7 19. Nxd7 Kxd7 20. f3 Nc6 21. e4 g6 22. exd5 exd5 23. Bb3 Bf4 24. Re1 Kd6 25. Rad1 Rhe8 26. Re5 Bxe5 27. dxe5+ Kc7 28. Rxd5 Rad8 29. Rxd8 Nxd8 30. f4 Ne6 31. g3 Nc5 32. Bc2 Rd8 33. b3 Re8 34. Kf2 Rc8 35. Ke3 Kc6 36. b4 Ne6 37. Bb3 Re8 38. Bc4 Kc7 39. Bb5 Rd8 40. Bc4 Re8 41. Bd5 Re7 42. Kd3 Kb8 43. Kc4 Re8 44. Kb3 Kc7 45. h4 Kb8 46. Bc4 1/2-1/2

[Event "Cannes op 18th"]
[Site "Cannes"]
[Date "1997.??.??"]
[Round "3"]
[White "Mednis, Edmar John"]
[Black "Hamdouchi, Hicham"]
[Result "1/2-1/2"]
[WhiteElo "2400"]
[BlackElo "2520"]
[PlyCount "102"]
[EventDate "1997.02.22"]
[EventType "swiss"]
[EventRounds "9"]
[EventCountry "FRA"]
[SourceTitle "CBM 057 Extra"]
[Source "ChessBase"]
[SourceDate "1997.05.01"]
[SourceVersion "1"]
[SourceVersionDate "1997.05.01"]
[SourceQuality "1"]

1. c4 e5 2. g3 Nf6 3. Bg2 d6 4. Nc3 Be7 5. Nf3 0-0 6. d4 Nbd7 7. 0-0 c6 8. e4 a6 9. Re1 b5 10. cxb5 axb5 11. b3 Re8 12. Bb2 Bf8 13. Qc2 Bb7 14. Rad1 Ra5 15. a4 bxa4 16. Nxa4 Qb8 17. dxe5 dxe5 18. Nd2 Ba6 19. Bc3 Bb4 20. Bf1 Bxf1 21. Rxf1 Bxc3 22. Qxc3 Rb5 23. Rc1 Nf8 24. Qxc6 Ne6 25. Nc3 Nd4 26. Qa6 Rb6 27. Qa2 Rc6 28. Kg2 Rec8 29. Qb2 h5 30. Rfd1 Qb7 31. b4 h4 32. b5 Rc5 33. f3 Kh7 34. g4 Nxb5 35. Na4 Rxc1 36. Rxc1 Rxc1 37. Qxc1 Nd4 38. Nc3 Qa6 39. Qf1 Qa5 40. Ncb1 Ne6 41. h3 Qc5 42. Nc4 Nf4+ 43. Kh2 Kg8 44. Nbd2 Nh7 45. Qe1 Ng5 46. Qxh4 Nfxh3 47. Qe1 Qc6 48. Kg3 Qf6 49. Qe3 Qe6 50. Qb6 Qxb6 51. Nxb6 Nf4 1/2-1/2

[Event "Wichern op 4th"]
[Site "Hamburg"]
[Date "1997.??.??"]
[Round "3"]
[White "Mednis, Edmar John"]
[Black "Loeber, Wolfgang"]
[Result "1/2-1/2"]
[WhiteElo "2405"]
[BlackElo "2150"]
[PlyCount "92"]
[EventDate "1997.10.??"]
[EventType "swiss"]
[EventRounds "9"]
[EventCountry "GER"]
[SourceTitle "EXT 1998"]
[Source "ChessBase"]
[SourceDate "1997.11.17"]
[SourceVersion "1"]
[SourceVersionDate "1997.11.17"]
[SourceQuality "1"]

1. c4 Nf6 2. g3 g6 3. Bg2 Bg7 4. Nf3 d6 5. d4 c6 6. 0-0 0-0 7. Nc3 Nbd7 8. e4 e5 9. h3 Qb6 10. d5 Nc5 11. Ne1 cxd5 12. cxd5 Bd7 13. Nd3 Qa6 14. Nxc5 dxc5 15. Be3 Rac8 16. a4 Ne8 17. Re1 Qa5 18. Bf1 a6 19. Bd2 Qc7 20. a5 Nd6 21. Na4 Bb5 22. Rc1 Bxf1 23. Kxf1 Qd7 24. Kg2 Qb5 25. Qc2 f5 26. f3 Rc7 27. Nxc5 fxe4 28. fxe4 Rcf7 29. Be3 Qxa5 30. Ne6 Rc8 31. Qxc8+ Nxc8 32. Rxc8+ Rf8 33. Rec1 Qb4 34. Nxf8 Qxe4+ 35. Kf2 Bxf8 36. R1c4 Qf5+ 37. Ke2 e4 38. d6 b5 39. Rc3 b4 40. R3c4 Qf3+ 41. Kd2 Qg2+ 42. Ke1 Qxg3+ 43. Bf2 Qxh3 44. d7 Qxd7 45. R4c7 Qd3 46. Bc5 Qg3+ 1/2-1/2

[Event "Cannes op 18th"]
[Site "Cannes"]
[Date "1997.??.??"]
[Round "8"]
[White "Mednis, Edmar John"]
[Black "Touzane, Olivier"]
[Result "1/2-1/2"]
[WhiteElo "2400"]
[BlackElo "2355"]
[PlyCount "28"]
[EventDate "1997.02.22"]
[EventType "swiss"]
[EventRounds "9"]
[EventCountry "FRA"]
[SourceTitle "CBM 057 Extra"]
[Source "ChessBase"]
[SourceDate "1997.05.01"]
[SourceVersion "1"]
[SourceVersionDate "1997.05.01"]
[SourceQuality "1"]

1. c4 g6 2. Nf3 Bg7 3. d4 d6 4. g3 f5 5. Bg2 Nf6 6. b3 0-0 7. Bb2 Qe8 8. Qc2 h6 9. Nbd2 g5 10. 0-0 Kh8 11. d5 Na6 12. a3 Qh5 13. Nd4 f4 14. Ne4 Ng4 1/2-1/2

[Event "Cannes op 18th"]
[Site "Cannes"]
[Date "1997.??.??"]
[Round "7"]
[White "Pavasovic, Dusko"]
[Black "Mednis, Edmar John"]
[Result "1-0"]
[WhiteElo "2460"]
[BlackElo "2400"]
[PlyCount "113"]
[EventDate "1997.02.22"]
[EventType "swiss"]
[EventRounds "9"]
[EventCountry "FRA"]
[SourceTitle "CBM 057 Extra"]
[Source "ChessBase"]
[SourceDate "1997.05.01"]
[SourceVersion "1"]
[SourceVersionDate "1997.05.01"]
[SourceQuality "1"]

1. e4 e6 2. d4 d5 3. Nd2 c5 4. exd5 Qxd5 5. Ngf3 cxd4 6. Bc4 Qd6 7. 0-0 Nf6 8. Nb3 Nc6 9. Nbxd4 Nxd4 10. Nxd4 a6 11. Re1 Be7 12. c3 Qc7 13. Bb3 0-0 14. Bg5 b6 15. Qe2 Re8 16. Rad1 h6 17. Bh4 Bb7 18. Bc2 Rad8 19. Qd3 g5 20. Bg3 Bd6 21. Bxd6 Rxd6 22. Qh3 Kg7 23. Rd2 Rd7 24. Rde2 Rdd8 25. Bb1 Qb8 26. Re5 Rd5 27. Rxd5 Bxd5 28. Qd3 b5 29. Re3 Qb7 30. h4 gxh4 31. Rh3 Be4 32. Qf1 Bxb1 33. Qxb1 Rg8 34. Rxh4 Kf8 35. g3 h5 36. Rf4 Ke7 37. Qe1 Rg4 38. Qe5 Rxf4 39. Qxf4 Qd5 40. Qc7+ Qd7 41. Qc5+ Ke8 42. Qb6 Qc8 43. Qd6 Nd5 44. a3 Ne7 45. Qe5 Qc4 46. Qxh5 Nc6 47. Qe2 Qd5 48. Nf3 Ke7 49. Qe3 f6 50. Nh4 f5 51. Ng6+ Kd6 52. Nf4 Qd1+ 53. Kg2 e5 54. Nd3 Qb1 55. Qc5+ Kc7 56. Nb4 Qe4+ 57. Kh2 1-0

[Event "Cannes op 18th"]
[Site "Cannes"]
[Date "1997.??.??"]
[Round "4"]
[White "Summerscale, Aaron"]
[Black "Mednis, Edmar John"]
[Result "1-0"]
[WhiteElo "2500"]
[BlackElo "2400"]
[PlyCount "41"]
[EventDate "1997.02.22"]
[EventType "swiss"]
[EventRounds "9"]
[EventCountry "FRA"]
[SourceTitle "CBM 057 Extra"]
[Source "ChessBase"]
[SourceDate "1997.05.01"]
[SourceVersion "1"]
[SourceVersionDate "1997.05.01"]
[SourceQuality "1"]

1. c4 Nf6 2. Nc3 e6 3. Nf3 d5 4. d4 Be7 5. Bf4 0-0 6. e3 c5 7. dxc5 Bxc5 8. Qc2 Nc6 9. a3 Be7 10. 0-0-0 Qa5 11. g4 dxc4 12. Bxc4 e5 13. g5 exf4 14. gxf6 Bxf6 15. Nd5 Bd8 16. Rhg1 h6 17. Qe4 Kh8 18. Rxg7 f5 19. Qxf4 Kxg7 20. Rg1+ Kh7 21. Qg3 1-0

[Event "Cannes mT"]
[Site "Cannes"]
[Date "1996.??.??"]
[Round "7"]
[White "Lepelletier, Benoit"]
[Black "Mednis, Edmar John"]
[Result "1-0"]
[WhiteElo "2470"]
[BlackElo "2405"]
[PlyCount "67"]
[EventDate "1996.02.??"]
[EventType "schev"]
[EventRounds "5"]
[EventCountry "FRA"]
[SourceTitle "CBM 051 Extra"]
[Source "ChessBase"]
[SourceDate "1996.05.01"]
[SourceVersion "1"]
[SourceVersionDate "1996.05.01"]
[SourceQuality "1"]

1. e4 c5 2. Nf3 Nc6 3. d4 cxd4 4. Nxd4 Nf6 5. Nc3 d6 6. Bg5 e6 7. Qd2 a6 8. 0-0-0 Bd7 9. f4 b5 10. Bxf6 gxf6 11. Kb1 Qb6 12. Nce2 Rc8 13. f5 Nxd4 14. Nxd4 e5 15. Ne2 b4 16. Ng3 Rg8 17. Be2 a5 18. Bf3 a4 19. Rc1 Qc5 20. c3 Rb8 21. Ne2 b3 22. a3 Bc6 23. c4 Be7 24. Nc3 Kd7 25. Nd5 Rbc8 26. Bh5 Rgf8 27. Qd3 Bxd5 28. cxd5 Qb6 29. Rc4 Rxc4 30. Qxc4 Ra8 31. Bxf7 Bd8 32. Be6+ Ke7 33. Qe2 Ra7 34. Qg4 1-0

[Event "Cannes mT"]
[Site "Cannes"]
[Date "1996.??.??"]
[Round "8"]
[White "Mednis, Edmar John"]
[Black "Fressinet, Laurent"]
[Result "1/2-1/2"]
[WhiteElo "2405"]
[BlackElo "2290"]
[PlyCount "86"]
[EventDate "1996.02.??"]
[EventType "schev"]
[EventRounds "5"]
[EventCountry "FRA"]
[SourceTitle "CBM 051 Extra"]
[Source "ChessBase"]
[SourceDate "1996.05.01"]
[SourceVersion "1"]
[SourceVersionDate "1996.05.01"]
[SourceQuality "1"]

1. c4 Nf6 2. Nf3 e6 3. g3 d5 4. Bg2 dxc4 5. Qa4+ Nbd7 6. Qxc4 c5 7. Qb3 Rb8 8. d3 Bd6 9. a4 b6 10. Na3 a6 11. 0-0 Bb7 12. Nc4 Bc7 13. Bd2 0-0 14. Rfc1 Qe7 15. Qa3 b5 16. Ba5 Bxa5 17. Nxa5 Bd5 18. axb5 axb5 19. Qc3 Rfc8 20. Nd2 Bxg2 21. Kxg2 Qd6 22. Nab3 Nd5 23. Qc2 Qb6 24. Nf3 Rc7 25. Nbd2 h6 26. Qb3 Ra7 27. Rxa7 Qxa7 28. Ne4 Qb6 29. Qc2 Rc8 30. Qb3 Qa6 31. Ned2 N5b6 32. Qc2 Qa8 33. Qb3 Qc6 34. Kg1 c4 35. dxc4 bxc4 36. Qc3 Qd5 37. Qd4 Qb5 38. Rc2 e5 39. Qd6 Qa4 40. Rc1 Qb5 41. Qa3 Qd5 42. Qe3 Qb5 43. Qa3 Qd5 1/2-1/2

[Event "Wichern op 3rd"]
[Site "Hamburg"]
[Date "1995.??.??"]
[Round "8"]
[White "Hegeler, Frank"]
[Black "Mednis, Edmar John"]
[Result "1/2-1/2"]
[WhiteElo "2225"]
[BlackElo "2420"]
[PlyCount "71"]
[EventDate "1995.09.??"]
[EventType "swiss"]
[EventRounds "9"]
[EventCountry "GER"]
[SourceTitle "EXT 1997"]
[Source "ChessBase"]
[SourceDate "1996.11.15"]
[SourceVersion "1"]
[SourceVersionDate "1996.11.15"]
[SourceQuality "1"]

1. d4 Nf6 2. Nf3 e6 3. g3 b5 4. Bg2 Bb7 5. 0-0 c5 6. Na3 a6 7. c4 b4 8. Nc2 cxd4 9. Ncxd4 Be7 10. a3 bxa3 11. b3 0-0 12. Bxa3 d6 13. b4 Qc7 14. Qb3 Nbd7 15. Rfc1 Rfc8 16. Nd2 Bf8 17. b5 Bxg2 18. Kxg2 Qb7+ 19. Kg1 Qb6 20. Nc6 Nb8 21. Nxb8 Raxb8 22. Qa4 Ra8 23. Bb4 Nd7 24. bxa6 Nb8 25. a7 Nc6 26. Qb5 Qc7 27. Ba5 Qxa7 28. Bc3 Qc7 29. Rxa8 Rxa8 30. Ra1 Rxa1+ 31. Bxa1 h6 32. Nb3 Na7 33. Qa6 Nc6 34. Qb5 Na7 35. Qa6 Nc6 36. Qb5 1/2-1/2

[Event "Cannes op"]
[Site "Cannes"]
[Date "1995.??.??"]
[Round "9"]
[White "Mednis, Edmar John"]
[Black "Efimov, Igor"]
[Result "1/2-1/2"]
[WhiteElo "2410"]
[BlackElo "2460"]
[PlyCount "62"]
[EventDate "1995.02.??"]
[EventType "swiss"]
[EventRounds "9"]
[EventCountry "FRA"]
[SourceTitle "CBM 046 Extra"]
[Source "ChessBase"]
[SourceDate "1995.07.01"]
[SourceVersion "1"]
[SourceVersionDate "1995.07.01"]
[SourceQuality "1"]

1. c4 e6 2. g3 d5 3. Bg2 g6 4. Nf3 Bg7 5. 0-0 Nc6 6. d3 Nge7 7. Nbd2 0-0 8. Rb1 a5 9. b3 Nb4 10. a3 Na2 11. Bb2 Nc3 12. Bxc3 Bxc3 13. d4 e5 14. dxe5 Bf5 15. cxd5 Bxd2 16. Nxd2 Bxb1 17. Nxb1 Nc8 18. f4 Nb6 19. Qd4 c6 20. Nc3 cxd5 21. Nxd5 Nxd5 22. Bxd5 Qe7 23. Rd1 Rfd8 24. Rd3 Rac8 25. a4 Kf8 26. Qb6 Rc2 27. Bc4 Rxd3 28. Bxd3 Qc5+ 29. Qxc5+ Rxc5 30. Bc4 Rc8 31. Kf2 Rd8 1/2-1/2

[Event "Wichern op 3rd"]
[Site "Hamburg"]
[Date "1995.??.??"]
[Round "4"]
[White "Mednis, Edmar John"]
[Black "Niehaus, Stephan"]
[Result "1-0"]
[WhiteElo "2420"]
[BlackElo "2170"]
[PlyCount "47"]
[EventDate "1995.09.??"]
[EventType "swiss"]
[EventRounds "9"]
[EventCountry "GER"]
[SourceTitle "EXT 1997"]
[Source "ChessBase"]
[SourceDate "1996.11.15"]
[SourceVersion "1"]
[SourceVersionDate "1996.11.15"]
[SourceQuality "1"]

1. c4 c6 2. Nf3 d5 3. Qb3 Nf6 4. g3 Qb6 5. Bg2 g6 6. 0-0 Bg7 7. Nc3 dxc4 8. Qxc4 0-0 9. d3 h6 10. Qh4 g5 11. Qa4 Bf5 12. Qa3 Re8 13. h4 g4 14. Be3 Qa6 15. Qxa6 Nxa6 16. Nd4 Bd7 17. a3 Rac8 18. Rac1 b6 19. b4 e5 20. Nc2 Nc7 21. Bd2 Ncd5 22. Ne3 Nxe3 23. Bxe3 Rc7 24. Nb5 1-0

[Event "Cannes op"]
[Site "Cannes"]
[Date "1995.??.??"]
[Round "2"]
[White "Mednis, Edmar John"]
[Black "Rotstein, Arkadij"]
[Result "1-0"]
[WhiteElo "2410"]
[BlackElo "2490"]
[PlyCount "79"]
[EventDate "1995.02.??"]
[EventType "swiss"]
[EventRounds "9"]
[EventCountry "FRA"]
[SourceTitle "CBM 046 Extra"]
[Source "ChessBase"]
[SourceDate "1995.07.01"]
[SourceVersion "1"]
[SourceVersionDate "1995.07.01"]
[SourceQuality "1"]

1. c4 e5 2. g3 g6 3. d4 exd4 4. Qxd4 Nf6 5. Nc3 Bg7 6. Qe3+ Kf8 7. Bg2 Nc6 8. Nf3 d6 9. 0-0 Be6 10. b3 Qd7 11. Bb2 Re8 12. Qd2 Bh3 13. Rfd1 h5 14. Qf4 Bxg2 15. Kxg2 h4 16. Nxh4 Rh5 17. Nd5 Nxd5 18. Bxg7+ Kxg7 19. Rxd5 Ree5 20. Rxe5 dxe5 21. Qe3 g5 22. Qf3 Rh8 23. Qf5 Qe7 24. Nf3 f6 25. Rd1 Rd8 26. Rxd8 Qxd8 27. h4 gxh4 28. Nxh4 Qd2 29. Qg6+ Kf8 30. Qxf6+ Ke8 31. Qe6+ Kd8 32. Qf6+ Kd7 33. Nf5 Qxe2 34. Qf7+ Kd8 35. Ng7 Qe4+ 36. Kg1 Qb1+ 37. Kg2 Qe4+ 38. Kh3 Qh1+ 39. Kg4 Qe4+ 40. Kg5 1-0

[Event "Cannes op"]
[Site "Cannes"]
[Date "1995.??.??"]
[Round "1"]
[White "Mednis, Edmar John"]
[Black "San Marco, Bruno"]
[Result "1-0"]
[WhiteElo "2410"]
[BlackElo "2270"]
[PlyCount "87"]
[EventDate "1995.02.??"]
[EventType "swiss"]
[EventRounds "9"]
[EventCountry "FRA"]
[SourceTitle "CBM 046 Extra"]
[Source "ChessBase"]
[SourceDate "1995.07.01"]
[SourceVersion "1"]
[SourceVersionDate "1995.07.01"]
[SourceQuality "1"]

1. c4 Nf6 2. g3 g6 3. Bg2 Bg7 4. Nf3 0-0 5. 0-0 d6 6. d4 Nbd7 7. Nc3 e5 8. e4 exd4 9. Nxd4 Nc5 10. h3 Re8 11. Re1 a5 12. Qc2 a4 13. Be3 c6 14. Rad1 Nfd7 15. b4 axb3 16. axb3 Qa5 17. Rb1 Qb4 18. Red1 Nf8 19. Nce2 Nfe6 20. Nxe6 Nxe6 21. Bd2 Qc5 22. b4 Qh5 23. Be3 Bf8 24. Rb3 Qe5 25. f4 Qf6 26. g4 Ra1 27. Rxa1 Qxa1+ 28. Kh2 Qe1 29. Ng1 Ng7 30. Nf3 Qa1 31. f5 d5 32. Bd4 Qa4 33. cxd5 cxd5 34. fxg6 hxg6 35. exd5 Qb5 36. Rc3 Re2 37. Qd1 Bd7 38. Bc5 Rb2 39. Bxf8 Kxf8 40. Re3 Qxb4 41. Qc1 Ne8 42. Ne5 Qf4+ 43. Kh1 Nf6 44. Nxd7+ 1-0

[Event "Wichern op 3rd"]
[Site "Hamburg"]
[Date "1995.??.??"]
[Round "5"]
[White "Wojtkiewicz, Aleksander"]
[Black "Mednis, Edmar John"]
[Result "1-0"]
[WhiteElo "2570"]
[BlackElo "2420"]
[PlyCount "89"]
[EventDate "1995.09.??"]
[EventType "swiss"]
[EventRounds "9"]
[EventCountry "GER"]
[SourceTitle "EXT 1997"]
[Source "ChessBase"]
[SourceDate "1996.11.15"]
[SourceVersion "1"]
[SourceVersionDate "1996.11.15"]
[SourceQuality "1"]

1. Nf3 Nf6 2. c4 c6 3. d4 d5 4. Nc3 dxc4 5. a4 Bf5 6. Ne5 e6 7. f3 Bb4 8. e4 Bxe4 9. fxe4 Nxe4 10. Bd2 Qxd4 11. Nxe4 Qxe4+ 12. Qe2 Bxd2+ 13. Kxd2 Qd5+ 14. Kc3 Na6 15. Nxc4 0-0-0 16. Qe5 f6 17. Qe3 Kb8 18. Be2 e5 19. Rad1 Qc5 20. Qxc5 Nxc5 21. b3 Kc7 22. Rxd8 Rxd8 23. Rd1 Rxd1 24. Bxd1 Ne6 25. Bc2 g6 26. b4 Nf4 27. g3 Ne2+ 28. Kd3 Nc1+ 29. Kd2 Na2 30. b5 Nb4 31. Be4 Nd5 32. g4 Nb6 33. Nxb6 axb6 34. Kc3 Kd6 35. Kc4 Kc7 36. h3 Kd6 37. h4 f5 38. gxf5 gxf5 39. Bxf5 h6 40. Bg4 Kc7 41. Kd3 Kd6 42. Ke4 Kc5 43. Bd7 Kd6 44. Be8 Ke7 45. bxc6 1-0

[Event "Cannes op"]
[Site "Cannes"]
[Date "1994.??.??"]
[Round "6"]
[White "Haik, Aldo"]
[Black "Mednis, Edmar John"]
[Result "1-0"]
[WhiteElo "2410"]
[BlackElo "2435"]
[PlyCount "117"]
[EventDate "1994.02.??"]
[EventType "swiss"]
[EventRounds "9"]
[EventCountry "FRA"]
[SourceTitle "EXT 1997"]
[Source "ChessBase"]
[SourceDate "1996.11.15"]
[SourceVersion "1"]
[SourceVersionDate "1996.11.15"]
[SourceQuality "1"]

1. e4 c5 2. Nc3 Nc6 3. f4 g6 4. g3 Bg7 5. Bg2 d6 6. d3 e6 7. Nh3 Nge7 8. Nf2 Rb8 9. g4 h5 10. g5 Nd4 11. 0-0 b5 12. Ne2 b4 13. a3 a5 14. axb4 axb4 15. Nxd4 Bxd4 16. Qe1 0-0 17. c3 Bg7 18. Be3 Qb6 19. e5 bxc3 20. bxc3 d5 21. Rb1 Qxb1 22. Qxb1 Rxb1 23. Rxb1 d4 24. cxd4 Nf5 25. Bd2 Nxd4 26. Ne4 Bd7 27. Nxc5 Bc6 28. Ne4 Rd8 29. Rb6 Bxe4 30. Bxe4 Bf8 31. Kf1 Rc8 32. Be3 Nc2 33. Bf2 Nb4 34. d4 Rd8 35. Ke2 Nd5 36. Bxd5 Rxd5 37. Kd3 Ra5 38. Be1 Rd5 39. Rb8 Kg7 40. Kc4 Be7 41. Rb7 Bf8 42. Ra7 Rd8 43. Ba5 Rb8 44. Bc7 Rb4+ 45. Kc3 Rb5 46. Bd8 Rb8 47. Ba5 Kg8 48. Bc7 Rb5 49. Ra8 Kg7 50. Bd8 Rb7 51. Bf6+ Kg8 52. d5 exd5 53. Kd4 h4 54. Kxd5 h3 55. Kc6 Rb2 56. Be7 Rxh2 57. Rxf8+ Kg7 58. Ra8 Rc2+ 59. Kd5 1-0

[Event "New York Marshall/Enhance"]
[Site "New York"]
[Date "1994.??.??"]
[Round "2"]
[White "Hergott, Deen"]
[Black "Mednis, Edmar John"]
[Result "1-0"]
[WhiteElo "2430"]
[BlackElo "2420"]
[PlyCount "47"]
[EventDate "1994.??.??"]
[EventType "tourn"]
[EventRounds "5"]
[EventCountry "USA"]
[SourceTitle "EXT 1997"]
[Source "ChessBase"]
[SourceDate "1996.11.15"]
[SourceVersion "1"]
[SourceVersionDate "1996.11.15"]
[SourceQuality "1"]

1. d4 Nf6 2. Nf3 e6 3. c4 Bb4+ 4. Nc3 c5 5. g3 cxd4 6. Nxd4 0-0 7. Bg2 d5 8. Nc2 Bxc3+ 9. bxc3 dxc4 10. Ba3 Re8 11. Qxd8 Rxd8 12. Ne3 Nc6 13. Nxc4 Nd5 14. Rc1 b5 15. Nd6 Rb8 16. Bc5 Ba6 17. 0-0 Rd7 18. Rfd1 Nce7 19. e4 Rc7 20. Bd4 Nb6 21. Be5 Na8 22. Nf5 exf5 23. Bxc7 Nxc7 24. Rd7 1-0

[Event "Heart of Finland op 04th"]
[Site "Jyvaskyla"]
[Date "1994.??.??"]
[Round "?"]
[White "Issakainen, Ari"]
[Black "Mednis, Edmar John"]
[Result "0-1"]
[WhiteElo "2260"]
[BlackElo "2420"]
[PlyCount "82"]
[EventDate "1994.07.??"]
[EventType "swiss"]
[EventRounds "9"]
[EventCountry "FIN"]
[SourceTitle "EXT 1997"]
[Source "ChessBase"]
[SourceDate "1996.11.15"]
[SourceVersion "1"]
[SourceVersionDate "1996.11.15"]
[SourceQuality "1"]

1. d4 Nf6 2. c4 e6 3. Nf3 Bb4+ 4. Nbd2 b6 5. a3 Bxd2+ 6. Bxd2 Bb7 7. Bg5 h6 8. Bh4 d6 9. e3 Nbd7 10. Qc2 Qe7 11. Rd1 g5 12. Bg3 h5 13. h4 Ne4 14. Nxg5 Nxg3 15. fxg3 0-0-0 16. Bd3 f6 17. Ne4 Rhg8 18. 0-0 d5 19. cxd5 exd5 20. Rc1 c6 21. Nc3 Qxe3+ 22. Rf2 Rxg3 23. Bf1 Qe6 24. Ne2 Rg4 25. Nf4 Qd6 26. Qf5 Rxh4 27. Re1 Rg4 28. Re6 Qf8 29. Ng6 Qg7 30. Ne7+ Kb8 31. Nxc6+ Bxc6 32. Rxc6 Rxd4 33. Ba6 Qg4 34. Qxg4 hxg4 35. b4 g3 36. Rf1 Ne5 37. Rcxf6 Rd2 38. Re6 Ng4 39. Re7 Nf2 40. Rc1 Rh8 41. Rh7 Rd1+ 0-1